Devon Bostick Filmography - Statistics

General Stats
  • This quiz has been taken 30 times
    10 since last reset
  • The average score is 5 of 83
Answer Stats
Type Year Name % Correct
Film 2010 Diary of a Wimpy Kid
100%
Film 2012 Diary of a Wimpy Kid: Dog Days
100%
Film 2011 Diary of a Wimpy Kid: Rodrick Rules
67%
Film 2023 Oppenheimer
67%
Film 2024 All That We Love
33%
Film 2026 Crime 101
33%
TV Show 2006, 2007 Degrassi: The Next Generation
33%
Film 2025 Mile End Kicks
33%
Film 2009 Saw VI
33%
Web Series 2025 The Studio
33%
TV Show 2004 1-800-Missing
0%
Documentary Series 2006 72 Hours: True Crime
0%
Film 2012 A Dark Truth
0%
Film 2008 Adoration
0%
TV Show 2013 Aim High
0%
TV Film 2007 A Life Interrupted
0%
Film 2006 American Pie Presents: The Naked Mile
0%
Director 2015 Antidepressant
0%
Short Film 2006 Aruba
0%
TV Mini-Series 2009 Assassin's Creed: Lineage
0%
Web Mini-Series 2020 A Teacher
0%
Film 2015 Being Charlie
0%
TV Show 2009-2011 Being Erica
0%
Film 2006 Citizen Duane
0%
TV Film 2003 DC 9/11: Time of Crisis
0%
Film 2012 Dead Before Dawn 3D
0%
Music Video 2016 Emeralds
0%
Web Series 2021 Everything's Fine
0%
TV Show 1998 Exhibit A: Secrets of Forensic Science
0%
TV Show 2023 Fargo
0%
Film 2007 Finn's Girl
0%
TV Show 2010 Flashpoint
0%
Web Series 2023 FUBAR
0%
Film 2007 Fugitive Pieces
0%
Film 2004 Godsend
0%
TV Mini-Series 2009 Guns
0%
TV Show 2010 Haven
0%
Film 2007 Hearts of War
0%
Film 2011 Hidden 3D
0%
TV Film 2004 Hustle
0%
TV Show 2019 I Am the Night
0%
TV Show 2003 Jake 2.0
0%
Film 2007 King of Sorrow
0%
TV Film 2005 Knights of the South Bronx
0%
Film 2005 Land of the Dead
0%
Web Mini-Series 2018 Meet Slate
0%
TV Show 2013 Monday Mornings
0%
Web Series 2020-2023 Most Dangerous Game
0%
TV Show 2002, 2003 Odyssey 5
0%
Film 2017 Okja
0%
Film 2020 Pink Skies Ahead
0%
Short Film 2010 Pooka
0%
TV Film 2008 Princess
0%
Film 2015 Regression
0%
TV Show 2010 Rookie Blue
0%
TV Film 2008 Roxy Hunter and the Horrific Halloween
0%
Film 2011 Sacrifice
0%
Film TBA Salvation
0%
Film 2007 Saw IV
0%
TV Film 2005 Shania: A Life in Eight Albums
0%
TV Show 2011 She's the Mayor
0%
Film 2014 Small Time
0%
TV Show 2007 Stump
0%
Film 2009 Survival of the Dead
0%
TV Show 2014-2017 The 100
0%
TV Show 2007 The Altar Boy Gang
0%
Film 2013 The Art of the Steal
0%
TV Show 2009 The Border
0%
TV Show 2011 The Casting Room
0%
Short Film 2008 The Dreaming
0%
Film 2011 The Entitled
0%
TV Pilot 2009 The Good Germany
0%
TV Show 2011 The Listener
0%
Short Film 2010 The Long Autumn
0%
Web Series 2019 The Marvelous Mrs. Maisel
0%
TV Film 2002 The Scream Team
0%
Film 2007 The Stone Angel
0%
Short Film 2003 The Truth About the Head
0%
Music Video 2015 Til It Happens to You
0%
Film 2019 Tuscaloosa
0%
Short Film 2010 Verona
0%
Film TBA Western
0%
Film 2020 Words on Bathroom Walls
0%
No matching quizzes found
Score Distribution
Percent of People with Each Score
Percentile by Number Answered
Your Score History
You have not taken this quiz since the last reset